01322 a2200253 45000010006000000050017000060080041000230030015000640400040000790800025001192450038001440200018001822500012002002640059002123000019002715050624002900410008009141000020009227000032009427000017009747000023009917000035010147000019010495474920260407155823.0260407a1988 arg spa dAR-UNSa-BCEJYS aAR-UNSa-BCEJYSbspacAR-UNSa-BCEJYS a94xHistoria General10aEntre la crisis y la revolución a950-9414-26-3 a2a. ed. 1aSan Miguel de Tucumán :bEdiciones El Graduadoc1988 a260 p.c20 cm. aI. La pérdida del dominio sobre el contorno - II. La Revolución Tecnológica - III. La explosión demográfica y el hambre - IV. El hábitat humano - V. La cultura de masas - VI. La aceleración histórica - VII. La hipertrofia de las expectativas - VIII. El individualismo - IX. El colectivismo - X. Irracionalismo,cientificismo,hedonismo - XI. El humanismo cristiano - XII. Hacia el capitalismo - XIII. El capitalismo - XIV. Neocapitalismo y socialismo - XV. El estado moderno - XVI. La democracia - XVII. La guerra - XVIII. El nacionalismo y el imperialismo - XIX. El subdesarrollo y el conflicto Norte-Sur aspa1 aPonsati, Arturo1 aCarracedo, Rosendo Matías1 aNoli, Alicia1 aDiaz Ricci, Raúl1 aCerro de Quintana, Maria Marta1 aGandur, Sergio